Els llibres de la Generalitat republicana : (1931-1939) / (1931-1939) /
MARC
| LEADER | 00000nam a22000007a 4500 | ||
|---|---|---|---|
| 001 | 28515 | ||
| 003 | AGDB | ||
| 005 | 20260324181524.0 | ||
| 008 | 240205b spa||||| |||| 00| 0 cat d | ||
| 040 | |a agdb |b cat | ||
| 100 | 1 | |9 70219 |a Boquera Diago, Ester |e redacció del textos | |
| 245 | 0 | 4 | |a Els llibres de la Generalitat republicana : |b (1931-1939) / |c Coordinació dossier: Jordi Garriga ; Redactora dels textos: Ester Boquera |
| 260 | |a [Barcelona] : |b Sàpiens ; |b Generalitat de Catalunya ; |c [2023] | ||
| 300 | |a 33pàg. ; |b fotografies color ; |c 30 cm | ||
| 585 | |a Dossier de l'exposició titulada 'Els llibres de la Generalitat republicana (1931-1939)' duta a terme a la Sala Cotxeres del Palau Robert, del 13 de desembre de 2023 a l'1 d'abril de 2024. | ||
| 610 | 0 | |9 70211 |a Catalunya. Generalitat |x Edició | |
| 610 | 1 | 0 | |a Catalunya. |b Generalitat |9 12125 |
| 610 | 0 | |9 70218 |a Catalunya. Generalitat |x Història |y S. XX |v Fonts |v Bibliografia |v Catàlegs | |
| 610 | 1 | 0 | |9 56414 |a Catalunya. |b Comissariat de Propaganda |
| 650 | 0 | |9 70212 |a Publicacions oficials |x Història |y S. XX |z Catalunya | |
| 651 | 0 | |a Catalunya |x Política i govern |y 1931-1939, Segona República |v Fonts |v Bibliografia |v Catàlegs |9 70213 | |
| 651 | 0 | |a Catalunya |x Política i govern |y 1931-1939, Segona República |9 53540 | |
| 651 | 0 | |9 70214 |a Catalunya |v Catàlegs |v Impresos | |
| 651 | 0 | |9 53541 |a Catalunya |x Història |y 1931-1939, Segona República | |
| 651 | 0 | |9 70215 |a Catalunya |x Història |y 1931-1939, Segona República |v Fonts |v Bibliografia |v Catàlegs | |
| 651 | 0 | |9 54678 |a Catalunya |x Història |y 1936-1939, Guerra Civil | |
| 651 | 0 | |9 70217 |a Catalunya |x Història |y 1931-1939, Guerra Civil |v Fonts |v Bibliografia |v Catàlegs | |
| 655 | 0 | |a Fulletons |9 55858 | |
| 700 | |a Garriga, Jordi |9 71007 |e coordinació dossier | ||
| 710 | 2 | |9 70221 |a Entitat Autònoma del Diari Oficial i de Publicacions (Catalunya) |e organització | |
| 710 | 2 | |9 52410 |a Memorial Democràtic (Catalunya) |e organització | |
| 942 | |c ARXIU |2 udc |n 1 | ||
| 952 | |0 0 |1 0 |2 udc |4 0 |6 FU7734 |7 1 |9 97005 |a Arxiu |b Arxiu |d 2024-04-29 |l 0 |o FU-77-34 |p 28515 |r 2024-04-29 00:00:00 |w 2024-04-29 |y ARXIU | ||
| 999 | |c 128841 |d 128841 | ||